000 00451nam a2200145Ia 4500
008 211109s9999||||xx |||||||||||||| ||und||
082 _a894.82
_bCHE-V
100 _aChelannat, Achutha Menon
245 0 _aVichara Veechi
260 _bKamalalaya Press
_aOttapalam
_c1924
300 _a128p.
630 _xGeneral Stack
650 _aLiteratures of other languages
_vMalayalam LiteratureAltaic, Uralic, Hyperborean & Dravidian
_xGeneralia
942 _cBOOK
999 _c5529
_d5529